| 000 | 01028nam a22002057a 4500 | ||
|---|---|---|---|
| 005 | 20231012161745.0 | ||
| 010 | _aHIN-125093-94 | ||
| 020 |
_c600.00 _a9789381869130 (भा-1) |
||
| 020 |
_c750.00 _a9789381869147 (भा-2) |
||
| 020 |
_c1350.00 _a9789381869154 सम्पूर्ण सैट) |
||
| 035 | _aHN-97439-40 | ||
| 037 | _bDBAD/PUB | ||
| 082 | _a321.80 | ||
| 100 |
_aठाकरान,सुरेश _957803 |
||
| 245 |
_aलोकतंत्र का चीरहरण :कल आज और कल आध्यात्म-राजनीति / _cसुरेश ठाकरान |
||
| 260 |
_aदिल्ली _c 2016 _bपुष्पांजलि प्रकाशन |
||
| 270 |
_bदिल्ली _aएल-46,गली न.-5,शिवाजी मार्ग, करतार नगर, _e110053 |
||
| 300 |
_a2भाग-(288पृ.;368पृ.) _c22सेमी (सजिल्द) |
||
| 942 |
_2ddc _cHN _h321.80 _mठाकरा |
||
| 999 |
_c195788 _d195788 |
||